Представление документа в формате RUSMARC

ПолеНазваниеЗначение
  Тип записи a
  Библиографический уровень m
001 Контрольный номер RU\NLR\bibl\1483173
005 Дата корректировки 20260512161052.1
010 Индекс ISBN __
a ISBN 978-5-699-40065-2
100 Данные общей обработки __
a Данные общей обработки 19100310d2010 |||y0rusy0189 ca
101 Язык документа 0_
a Язык текста rus
102 Страна публикации __
a Страна публикации RU
105 Кодированные данные (монография) __
a Кодированные данные (монография) y |||||||zy
200 Заглавие и сведения об ответственности 1_
a Заглавие Великая Гражданская война 1939-1945
f Первые сведения об ответственности Андрей Буровский
b Общее обозначение материала Текст
210 Выходные данные 1_
a Место издания М.
c Издательство Яуза
c Издательство ЭКСМО
c Издательство Эксмо
d Дата издания 2010
215 Физическое описание __
a Объем 493, [1] с.
225 Серия 2_
a Серия Вся правда о России
300 Общие примечания __
a Общие примечания На 4-й с. обл. авт.: историк
320 Библиография __
a Библиография Библиогр. в подстроч. примеч.
330 Аннотация __
a Аннотация Радикальный пересмотр истории не только Второй мировой войны, но и XX века.
600 Персоналии _1
a Персоналии (Фамилия) Власов, А. А.
f Даты 1901-1946
g Полное имя Андрей Андреевич
601 Наименование организации как предмет 02
a Наименование организации как предмет РОА
601 Наименование организации как предмет 02
a Наименование организации как предмет Российская освободительная армия
606 Тематические рубрики __
a Основная рубрика История
z Хронологическая подрубрика 1939-1945 гг.; 1941-1945 гг.
y Географическая подрубрика СССР; Германия; Европа
606 Тематические рубрики __
a Основная рубрика История России и СССР (октябрь 1917 - 1991 г.)
610 Ключевые слова 0_
a Ключевые слова вторая мировая война; Великая Отечественная война; второй фронт; новая история
686 Индексы других классификаций __
a Классификационный индекс 63.3(2)62
700 Автор _1
a Фамилия Буровский
b Имя А. М.
g Полное личное имя Андрей Михайлович
4 Код отношения 070
801 Источник записи _0
a Страна RU
b Организация Муниципальное бюджетное учреждение культуры "Централизованная библиотечная система" г. Сургут (Центральная городская библиотека им. А. С. Пушкина)
801 Источник записи _1
a Страна RU
b Организация Муниципальное бюджетное учреждение культуры "Централизованная библиотечная система" г. Сургут (Центральная городская библиотека им. А. С. Пушкина)
852 Данные о местонахождении __
j Шифр хранения 63.3(2)62
c Каталожный индекс 63.3(2)62
i Авторский знак Б 91
901 Тип документа __
t Тип документа m
990 Данные о заказе (DOS) __
j Количество экземпляров (DOS) #